书目信息 |
| 题名: |
长笛初级教程
|
|
| 作者: | 乐新 编著 | |
| 分册: | ||
| 出版信息: | 太原 山西教育出版社 2018.05 |
|
| 页数: | 156页 | |
| 开本: | 30cm | |
| 丛书名: | ||
| 单 册: | ||
| 中图分类: | J621.16 | |
| 科图分类: | ||
| 主题词: | 长笛--吹奏法--教材 | |
| 电子资源: | ||
| ISBN: | 978-7-5440-9768-0 | |
| 000 | 00853nam0 2200277 450 | |
| 001 | 009047171 | |
| 005 | 20180906092441.85 | |
| 010 | @a978-7-5440-9768-0@dCNY39.00 | |
| 049 | @aO330100ZJX@bUCS01009047171 | |
| 100 | @a20180702d2018 em y0chiy50 ea | |
| 101 | 0 | @achi |
| 102 | @aCN@b140000 | |
| 105 | @ag z 000yy | |
| 106 | @ar | |
| 200 | 1 | @a长笛初级教程@9chang di chu ji jiao cheng@f乐新编著 |
| 205 | @a修订版 | |
| 210 | @a太原@c山西教育出版社@d2018.05 | |
| 215 | @a156页@d30cm | |
| 330 | @a本书共九个单元,包括:长笛演奏入门基础知识、常用演奏技巧、简易练习曲与乐曲综合练习、经典乐曲18首等。 | |
| 333 | @a长笛学习者及爱好者 | |
| 606 | 0 | @a长笛@x吹奏法@j教材 |
| 690 | @aJ621.16@v5 | |
| 701 | 0 | @a乐新@9yue xin@c(长笛教学)@4编著 |
| 801 | 0 | @aCN@b人天书店@c20180613 |
| 801 | 2 | @aCN@c20180625 |
| 905 | @b1085694-98@dJ621.16@e333=2@f5 | |
| 长笛初级教程/乐新编著.-修订版.-太原:山西教育出版社,2018.05 |
| 156页;30cm |
| 使用对象:长笛学习者及爱好者 |
| ISBN 978-7-5440-9768-0:CNY39.00 |
| 本书共九个单元,包括:长笛演奏入门基础知识、常用演奏技巧、简易练习曲与乐曲综合练习、经典乐曲18首等。 |
| ● |
| 相关链接 |
|
|
|
|
正题名:长笛初级教程
索取号:J621.16/333=2
 
预约/预借
| 序号 | 登录号 | 条形码 | 馆藏地/架位号 | 状态 | 备注 |
| 1 | 1085694 | 210856947 | 第一样本阅览室/ [索取号:J621.16/333=2] | 在馆 | |
| 2 | 1085695 | 210856956 | 教育系资料室/ [索取号:J621.16/333=2] | 在馆 | |
| 3 | 1085696 | 210856965 | 教育系资料室/ [索取号:J621.16/333=2] | 在馆 | |
| 4 | 1085697 | 210856974 | 第一借阅区/ [索取号:J621.16/333=2] | 在馆 | |
| 5 | 1085698 | 210856983 | 第一借阅区/ [索取号:J621.16/333=2] | 在馆 |